000 00407nam a2200169Ia 4500
008 090711s9999 xx 000 0 und d
082 _b24915
100 _aआपटे ना. ह.
245 _aभुरळ
260 _c1970
300 _a112
600 _aआपटे ना. ह.
630 _aभुरळ
700 _aआपटे ना. ह.
730 _aभुरळ
942 _cBOOK
999 _c287554
_d287554